书目信息 |
| 题名: |
开国将军轶事
|
|
| 作者: | 吴东峰 著 | |
| 分册: | ||
| 出版信息: | 北京 解放军文艺出版社 2006.01 |
|
| 页数: | 366页 | |
| 开本: | 20cm | |
| 丛书名: | ||
| 单 册: | ||
| 中图分类: | I253.2 , K825.2 | |
| 科图分类: | ||
| 主题词: | 将军--jiang jun--生平事迹--中国--现代 | |
| 电子资源: | ||
| ISBN: | 7-5033-1882-1 | |
| 000 | 00839nam0 2200241 450 | |
| 001 | 012007423842 | |
| 005 | 20070509172127.42 | |
| 010 | @a7-5033-1882-1@dCNY25.00 | |
| 100 | @a20070326d2006 km y0chiy0120 ea | |
| 101 | 0 | @achi |
| 102 | @aCN@b110000 | |
| 105 | @aac z 000yy | |
| 200 | 1 | @a开国将军轶事@Akai guo jiang jun yi shi@e续集@f吴东峰著@Fwu dong feng zhu |
| 210 | @a北京@c解放军文艺出版社@d2006.01 | |
| 215 | @a366页@c图, 肖像@d20cm | |
| 330 | @a本书收录了五十位将军的纪实笔记,用白描手法,文言句式,向读者详细辅叙了开国将军们的珍闻轶事,内容包括王树声、许光达、肖劲光、谭政、王震、王建安、吕正操等人。 | |
| 517 | 1 | @a续集@Axu ji |
| 606 | 0 | @a将军@Ajiang jun@x生平事迹@y中国@z现代 |
| 690 | @aI253.2@v4 | |
| 690 | @aK825.2@v4 | |
| 701 | 0 | @a吴东峰@Awu dong feng@4著 |
| 801 | 0 | @aCN@c20070509 |
| 905 | @a10447@dK825.2@eW761 | |
| 开国将军轶事:续集/吴东峰著.-北京:解放军文艺出版社,2006.01 |
| 366页:图, 肖像;20cm |
| ISBN 7-5033-1882-1:CNY25.00 |
| 本书收录了五十位将军的纪实笔记,用白描手法,文言句式,向读者详细辅叙了开国将军们的珍闻轶事,内容包括王树声、许光达、肖劲光、谭政、王震、王建安、吕正操等人。 |
| ● |
| 相关链接 |
|
|
|
正题名:开国将军轶事
索取号:K825.2/W761
 
预约/预借
| 序号 | 登录号 | 条形码 | 馆藏地/架位号 | 状态 | 备注 |
| 1 | 238926 | 202389263 | 社科库309/309社科库 47排3列3层/ [索取号:K825.2/W761] | 在馆 | |
| 2 | 238927 | 202389272 | 社科库309/ [索取号:K825.2/W761] | 在馆 | |
| 3 | 238928 | 202389281 | 社科库309/309社科库 47排3列3层/ [索取号:K825.2/W761] | 在馆 |